Culture Pop par lettre - G - Statistiques

Statistiques générales
  • Ce quiz a été pris 4 013 fois
  • Le résultat moyen est 12 sur 15
Statistiques - réponses
Catégorie Indice Réponse % Correct
Bande Dessinée Gros chat orange particulièrement flemmard Garfield
98%
Bande Dessinée Ennemi juré des Schtroumpfs Gargamel
97%
Film Nom en version originale de la série de film "SOS Fantômes" Ghostbusters
94%
Personnage célèbre Personnage vert qui déteste Noël Le Grinch
92%
Série De quoi GOT est-il l’acronyme ? Game of Thrones
90%
Jeu Vidéo Série de jeux vidéos, lancés en monde ouvert le protagoniste peut effectuer des missions dans les villes fictives de San Andreas, Liberty City, Los Santos... Grand Theft Auto
90%
Comics Complétez cette phrase des Gardiens de la Galaxie: "Je s'appelle G......." Groot
90%
Dessin Animé Surnom de Sylvestre, chat poursuivant indéfiniment un canari jaune nommé Titi Grosminet
89%
Film Il ne faut pas les nourrir après minuit Les Gremlins
89%
Livre / Film Personnage de J.R.R Tolkien, obsédé par l'Anneau Unique Gollum
87%
Série Entre histoire d'amour et travail à l'hôpital, on retrouve dans cette série les personnages de : Meredith, Miranda Bailey, Derek Shepherd... Grey's Anatomy
85%
Livre / Film Quel personnage dit : "Vous ne passerez pas !" Gandalf
82%
Livre / Film Dans les années 1920, à New York, un homme raconte l'histoire de son voisin et ami, un jeune millionnaire dont la luxueuse villa était toujours pleine d'invités Gatsby le Magnifique
53%
Émission Programme radio à but humoristique diffusé sur RTL depuis 1977, on peut y retrouver le jeu des questions Les Grosses Têtes
50%
Chanson Quelle chanson commence par : "Like the legend of the phoenix, Our ends were beginnings..." Get Lucky
31%
Aucun quiz correspondant
Distribution des résultats
% des personnes avec chaque résultat
Percentile par nombre de réponses
Votre historique - résultats
Vous n’avez pas pris ce quiz